| 000 | 00841nam a2200265 i 4500 | ||
|---|---|---|---|
| 001 | 79532 | ||
| 003 | ES-MaACL | ||
| 005 | 20250801063027.0 | ||
| 007 | t| | ||
| 008 | 041021s1981 sp ||||1| spa d | ||
| 020 | _a84-205-0773-3 | ||
| 100 | 1 |
_aHernández Sánchez-Barba, Mario, _d1925-2021 _963053 |
|
| 245 | 1 | 0 |
_aHistoria de América / _cM. Hernández Sánchez-Barba. |
| 250 | _a1ª ed. | ||
| 260 |
_aMadrid : _bAlhambra, _c1981. |
||
| 300 |
_a3 v. ; _c24 cm. |
||
| 490 | 1 | _aAlhambra universidad | |
| 500 | _aIndices. | ||
| 500 | _aTablas cronológicas. | ||
| 504 | _aBibliografía. | ||
| 505 | 8 | _aContiene: I. América indígena ; Descubrimiento. -- II. América europea. -- III. América americana | |
| 830 | 0 |
_aAlhambra universidad _9180698 |
|
| 852 |
_aES-MaACL _jL-10010 _bR.111724 |
||
| 999 |
_c79532 _d79532 |
||